| 000 | 00790nam a22001817a 4500 | ||
|---|---|---|---|
| 999 |
_c60811 _d60811 |
||
| 005 | 20231024160938.0 | ||
| 008 | 231024s1955 ru ||||| |||| 00| 0 rus d | ||
| 041 | _arus | ||
| 080 | _a902(47+57) M-77 | ||
| 100 |
_aМонгайт, А. Л. _920222 |
||
| 245 |
_aАрхеология в СССР / _cА. Л. Монгайт ; АН СССР, ин-т истории материальной культуры ; Отв. ред. С. В. Киселев ; Худ. Л. Б. Подольский. |
||
| 264 |
_aМосква : _bИзд-во АН СССР, _c1955. |
||
| 300 |
_a436 с. : _bилл. ; _c26 см. |
||
| 521 | _aსაძიებლები : გვ. 395-423. | ||
| 653 | _aარქეოლოგია | ||
| 653 | _aსაბჭოთა კავშირი. | ||
| 942 |
_2udc _cBK |
||